Villes ou sites français ayant accueilli le départ du Tour de France - Statistiques

Statistiques générales
  • Ce quiz a été pris 150 fois
    41 depuis la dernière actualisation
  • Le résultat moyen est 21 sur 36
Statistiques - réponses
Département Année(s)
Initiale de
la ville ou
du lieu
Ville ou lieu % Correct
75 1905-1914 1919-1925 1925-1939 1947-1950 1963 2003 P Paris
100%
06 1981 2020 N Nice
95%
59 1960 1994 2025 L Lille
93%
29 1952 1974 2008 2021 B Brest
90%
44 1957 N Nantes
90%
76 1961 1997 R Rouen
88%
67 1953 2006 S Strasbourg
88%
76 1955 LH Le Havre
85%
2A 2013 PV Porto-Vecchio
85%
35 1964 R Rennes
85%
69 1991 L Lyon
83%
54 1962 1966 N Nancy
80%
59 2001 D Dunkerque
75%
57 1951 M Metz
75%
68 1959 1971 M Mulhouse
75%
51 1956 R Reims
75%
59 1969 R Roubaix
73%
22 1995 SB Saint-Brieuc
73%
49 1967 1972 A Angers
70%
92 1986 BB Boulogne-Billancourt
65%
87 1970 L Limoges
55%
50 2016 LMSM Le Mont-Saint-Michel
50%
86 1990 2000 F Parc du {Futuroscope}
48%
85 1993 1999 PDF Parc du {Puy-du-Fou}
48%
74 1926 ELB Evian-les-Bains
43%
93 1984 M Montreuil
38%
85 2011 PSG Passage {du Gois}
25%
94 1983 FSB Fontenay-sous-Bois
23%
88 1968 V Vittel
23%
85 2018 NELI Noirmoutier-en-l'île
15%
85 2005 F Fromentine
10%
44 1988 P Pontchâteau
10%
82 1977 1979 F Fleurance
8%
91 1903-1904 M Montgeron
8%
56 1985 P Plumelec
8%
85 1976 MP Merlin-Plage
3%
Aucun quiz correspondant
Distribution des résultats
% des personnes avec chaque résultat
Percentile par nombre de réponses
Votre historique - résultats
Vous n’avez pas pris ce quiz depuis la dernière actualisation